|
|
|
|
| LEADER |
00000naa2a2200000 4500 |
| 001 |
388923 |
| 005 |
20231101063814.0 |
| 035 |
|
|
|a (RuTPU)RU\TPU\prd\20603
|
| 090 |
|
|
|a 388923
|
| 100 |
|
|
|a 20031216a2003 k y0rusy50 ca
|
| 101 |
0 |
|
|a rus
|
| 102 |
|
|
|a RU
|
| 200 |
1 |
|
|a Шлифпорошки из синтетических алмазов
|
| 225 |
1 |
|
|a Материалы. Зарубежные аналоги
|
| 461 |
|
1 |
|0 (RuTPU)RU\TPU\prd\1723
|x 0203-347X
|t Справочник. Инженерный журнал
|o научно-технический и производственный журнал
|d 2000-
|
| 463 |
|
1 |
|0 (RuTPU)RU\TPU\prd\19752
|t № 10
|v С. 12-17
|d 2003
|
| 610 |
1 |
|
|a шлифпорошки
|
| 610 |
1 |
|
|a синтетические алмазы
|
| 610 |
1 |
|
|a зернистость порошков
|
| 610 |
1 |
|
|a меши
|
| 801 |
|
1 |
|a RU
|b 63413507
|c 20031216
|g PSBO
|
| 801 |
|
2 |
|a RU
|b 63413507
|c 20140116
|g RCR
|
| 942 |
|
|
|c BK
|